00317pab a2200109 454500008003600000100002200036245005900058650002800117650003000145700001500175773001700190180718b xxu||||| |||| 00| 0 eng d aMalik, Yogendra K aBharatiya Janata Party: an alternative to Congress(I)? a Bharatiya Janata Party aPolitical Parties - India aSingh, V.B aAsian Survey